000 00457nam a22001937a 4500
003 MPLRDC
005 20220104124404.0
008 210129b ||||| |||| 00| 0 eng d
020 _a962-451-470-4
082 _a848.3 HZ-7
100 _a黄沾著
245 _a开心快活人
_c
250 _a初版一刷
260 _a
_b皇冠出版社
_c1997
300 _b
490 _a皇冠丛书;471
650 _a现代别集
942 _cBK
_o848.3 HZ-7
999 _c18935
_d18925